| 000 | 00340nam a2200133 i 4500 | ||
|---|---|---|---|
| 001 | bg | ||
| 100 | 1 | _aSOBAŃSKI, R. | |
| 245 | 0 |
_aTermodynamika mieszanin oddechowych i ich własności cieplne / _cR. Sobański. |
|
| 260 |
_aSzczecin, _c1982. |
||
| 040 | _cBPK | ||
| 041 | _apol | ||
| 942 | _cKS | ||
| 008 | s pl f |000 0 pol | ||
| 999 |
_c22040 _d22040 |
||
| 856 |
_uhttp://koha.tu.koszalin.pl/cgi-bin/koha/opac-detail.pl?biblionumber=22040 _yKatalog online BPK |
||